|
|
|
|
| LEADER |
00000nam a2200000 a 4500 |
| 001 |
vtls008986667 |
| 003 |
SK-MaSNL |
| 005 |
20260301124908.0 |
| 008 |
240314s2007 xo l d p 000 0 slo |
| 015 |
|
|
|a SNBA2007/08-03381
|
| 020 |
|
|
|a 9788089143481
|q (brož.)
|
| 035 |
|
|
|a 20AA2E1E-8138-4AB3-BE70-CF39484EB141
|
| 035 |
|
|
|a urn:nbn:sk:snk-amlaek
|
| 035 |
|
|
|a urn:nbn:sk:snk-am008qm2
|
| 040 |
|
|
|a SNK
|b slo
|c SNK
|e AACR2
|
| 041 |
0 |
|
|a slo
|
| 044 |
|
|
|a xo
|c SK
|
| 072 |
|
7 |
|a 33
|x Ekonómia
|2 konspekt
|
| 072 |
|
7 |
|a 37.016
|x Učebné osnovy. Vyučovacie predmety. Učebnice
|2 konspekt
|
| 080 |
|
|
|a 33
|2 2001
|
| 080 |
|
|
|a 334.012.33
|2 2001
|
| 080 |
|
|
|a (075.8)
|2 2001
|
| 100 |
1 |
|
|a Beňová, Elena,
|d 1945-
|4 aut
|9 87268
|
| 245 |
1 |
0 |
|a Ekonomika verejného sektora
|c Elena Beňová, Erika Neubauerová
|
| 250 |
|
|
|a [1. vyd.]
|
| 260 |
|
|
|a Bratislava
|b Merkury
|c 2007
|
| 300 |
|
|
|a 144 s.
|b sch., tab.
|c 21 cm
|
| 504 |
|
|
|a Bibliogr. s. 141-144. Pozn.
|
| 650 |
0 |
7 |
|a ekonomika
|2 SNKPH
|9 789
|
| 650 |
0 |
7 |
|a verejný sektor
|2 SNKPH
|9 31777
|
| 655 |
|
7 |
|a učebnice vysokých škôl
|2 SNKPH
|9 70191
|
| 700 |
1 |
|
|a Neubauerová, Erika,
|d 1968-
|4 aut
|9 216222
|
| 919 |
|
|
|a 978-80-89143-48-1
|
| 958 |
|
|
|a NB
|
| 958 |
|
|
|a OND
|
| 968 |
|
|
|d 33
|
| 999 |
|
|
|c 740813
|d 742743
|
| 952 |
|
|
|a SNK
|b SNK
|y PREZ
|7 0
|p 17A0550301
|o snkSC 127794
|i snk2007/11958
|8 0
|0 0
|1 0
|4 0
|d 2007-05-04
|f 1
|l 0
|r 2025-06-17 00:00:00
|w 2026-02-23
|
| 952 |
|
|
|a SNK
|b SNK
|y VYP
|7 0
|p 17A0550302
|o snkSC 127794 D1
|i snk2007/11959
|8 0
|0 0
|1 0
|4 0
|d 2007-05-04
|l 0
|r 2026-02-23 22:58:29
|w 2026-02-23
|
| 952 |
|
|
|a SNK
|b SNK
|y VYP
|7 0
|p 17A0552920
|o snkSC 127794 D2
|i snk2007/15666
|8 0
|0 0
|1 0
|4 0
|d 2007-06-20
|l 0
|r 2026-02-23 22:58:29
|w 2026-02-23
|